Класиките, преразказани за ученици по учебната програма за 7. клас и НВО (Запис номер 471353)
[ съкратено ]
| 000 -Лидер | |
|---|---|
| Контролно поле с фиксирана дължина | 01764nam a2200349 a 4500 |
| 003 - Код на организацията, давaща контролен номер | |
| Контролно поле | BLK |
| 005 - Дата и час на последна редакция | |
| Контролно поле | 20240703141145.0 |
| 008 - Елементи от данни с фиксирана дължина | |
| fixed length control field | 180410b bul|||||r ||||||| ||bul|| |
| 020 ## - Международен стандартен номер на книга ISBN | |
| Международен стандартен номер на книга ISBN | 9789543986934 |
| 040 ## - Източник на каталожния запис | |
| Идентификатор на билиотеката - собственик на записа | BLK |
| 041 ## - Код за език | |
| Код за езика на текст/звукозапис или на отделно заглавие | Български |
| Код за езика КДБФ | Български |
| 080 ## - УДК | |
| Текстов определител УДК | Съдържание,програма,учебни предмети в основната образователна степен |
| УДК код - определител по УДК | 373.3.016 |
| УДК определител | :821.163.2(076)(075.2) |
| УДК - код + определител | 373.3.016:821.163.2(076)(075.2) |
| 100 ## - Редна дума - Автор | |
| Автор | Колева, Виктория Николова |
| Авторска отговорност | първи автор |
| R(LIN) | 479813 |
| 139 ## - Редно поле | |
| Редна дума | Колева, Виктория Николова |
| Авторски знак | Колев - К 78 |
| 245 10 - Сведения за заглавието | |
| Заглавие | Класиките, преразказани за ученици по учебната програма за 7. клас и НВО |
| Редно поле (дума) | Виктория Колева |
| Подзаглавни данни | [По произведения на Алеко Константинов, Иван Вазов, Йордан Йовков, Елин Пелин] |
| 257 ## - Страна на издаване | |
| Страна на създаване/издаване | България |
| 260 ## - Област на издателските данни | |
| Място на издаване, разпространение и проч. | София |
| Име на издателя, разпространителя и проч. | Труд |
| Година на издаване | 2021 |
| 9 (RLIN) | 209481 |
| Издателство - префикс ISBN | 978-954-398- ; 978-954-528- |
| 300 ## - Физическа характеристика | |
| Страници | 240 с. |
| Размери/Мащаб | 21 см |
| 380 ## - Жанр | |
| Жанр | Детска отраслова лит. |
| 650 #0 - Допълнително описание по предмет – тема | |
| Основно описание – тема или топоним | Българска литература |
| 9 (RLIN) | 243597 |
| 653 #7 - Ключова дума – ненормативна | |
| 9 (RLIN) | 199098 |
| Ключова дума | учебни помагала |
| 653 #7 - Ключова дума – ненормативна | |
| 9 (RLIN) | 193033 |
| Ключова дума | основни училища |
| 700 1# - Други автори (авторска отговорност) | |
| Лично име | Константинов, Алеко Иваницов |
| Дати, свързани с автора | 1863 - 1897 |
| 9 (RLIN) | 81998 |
| 700 1# - Други автори (авторска отговорност) | |
| 9 (RLIN) | 44972 |
| Лично име | Вазов, Иван Минчов |
| 700 ## - Други автори (авторска отговорност) | |
| 9 (RLIN) | 241968 |
| Лично име | Йовков, Йордан Стефанов |
| 700 ## - Други автори (авторска отговорност) | |
| Лично име | Елин Пелин |
| Пълна форма на името | Стоянов, Димитър Иванов |
| 9 (RLIN) | 363511 |
| 852 ## - Местоположение | |
| Форматна сигнатура | Цб 313227 |
| Фондова буква | Хранилище |
| 856 4# - Електронен адрес и достъп | |
| Електронен формат | pdf - файл |
| Инструкция (цена за достъп) | 0.00 |
| Права за достъп | disable |
| 856 4# - Електронен адрес и достъп | |
| Електронен формат | pdf - файл |
| Инструкция (цена за достъп) | 0.00 |
| Права за достъп | disable |
| 999 ## - СИСТЕМНИ КОНТРОЛНИ НОМЕРА | |
| Koha biblionumber | 471353 |
| Koha biblioitemnumber | 471353 |
| 942 ## - АРТИКУЛИ | |
| Вид на библиотечния материал | Книги |
| Скрит в OPAC | Не |
| Периодичен библиозапис | Да |
| Koha issues (borrowed), all copies | 8 |
| 944 ## - СЪЗДАВАНЕ И РЕДАКЦИЯ на ЗАПИСА | |
| Създаване/Редакция | Създаване |
| Дата на регистрацията/редакция | 2022-08-23 |
| Служител, извършил регистрацията/редакцията | 30560 |
| Статус, дата на статуса | Геновева Генчева |
| Код за отписване | Код за изгубен артикул | Източник на класификационната схема | Код за повреда | Коз за рестрикции | Код за отдаване | Артикулен № | Име на библиотеката - собственик | Име на библиотеката, в която се намира в момента | Статус (Текущо местоположение) | Дата на вписване в системата | Местоположение - отдел | Цена в лева | Систематично азбучна сигнатура | Баркод | Цена в евро | Служебен тип на артикула |
|---|---|---|---|---|---|---|---|---|---|---|---|---|---|---|---|---|
| Не е изгубен | Universal Decimal Classification | Не е повреден | само за читалня | ползва се в читалня | 901723 | Регионална библиотека "Любен Каравелов" Русе | Регионална библиотека "Любен Каравелов" Русе | Хранилище | 2022-08-24 | Хранилище | 9.99 | Цб 313227 | 120000874805 | 5.11 | Книги | |
| Не е изгубен | Universal Decimal Classification | Не е повреден | без рестрикции | заемане за дома | 923097 | Регионална библиотека "Любен Каравелов" Русе | Регионална библиотека "Любен Каравелов" Русе | Детски отдел | 2023-02-06 | Детски отдел | 7.49 | 373.3.016:821/К 78 В | 120000882555 | 3.83 | Книги | |
| Не е изгубен | Universal Decimal Classification | Не е повреден | без рестрикции | заемане за дома | 923098 | Регионална библиотека "Любен Каравелов" Русе | Регионална библиотека "Любен Каравелов" Русе | Детски отдел | 2023-02-06 | Детски отдел | 7.49 | 373.3.016:821/К 78 В | 120000882558 | 3.83 | Книги | |
| Не е изгубен | Universal Decimal Classification | Не е повреден | без рестрикции | заемане за дома | 923099 | Регионална библиотека "Любен Каравелов" Русе | Регионална библиотека "Любен Каравелов" Русе | Детски отдел | 2023-02-06 | Детски отдел | 7.49 | 373.3.016:821/К 78 В | 120000882554 | 3.83 | Книги | |
| Не е изгубен | Universal Decimal Classification | Не е повреден | без рестрикции | заемане за дома | 923100 | Регионална библиотека "Любен Каравелов" Русе | Регионална библиотека "Любен Каравелов" Русе | Детски отдел | 2023-02-06 | Детски отдел | 7.49 | 373.3.016:821/К 78 В | 120000882556 | 3.83 | Книги | |
| Не е изгубен | Universal Decimal Classification | Не е повреден | без рестрикции | заемане за дома | 923101 | Регионална библиотека "Любен Каравелов" Русе | Регионална библиотека "Любен Каравелов" Русе | Детски отдел | 2023-02-06 | Детски отдел | 7.49 | 373.3.016:821/К 78 В | 120000882557 | 3.83 | Книги |